Растекание высокого напряжения по поверхности изоляции контролируемого кабельного изделия; Современные техника и технологии; Т. 1
| Parent link: | Современные техника и технологии: сборник трудов XV Международной научно-практической конференции студентов, аспирантов и молодых ученых, Томск, 4-8 мая 2009 г/ Национальный исследовательский Томский политехнический университет (ТПУ).— , 2009 Т. 1.— 2009.— [С. 146-147] |
|---|---|
| প্রধান লেখক: | |
| অন্যান্য লেখক: | , |
| সংক্ষিপ্ত: | Заглавие с титульного листа Электронная версия печатной публикации |
| ভাষা: | রুশ |
| প্রকাশিত: |
2009
|
| বিষয়গুলি: | |
| অনলাইন ব্যবহার করুন: | http://www.lib.tpu.ru/fulltext/c/2009/C01/V1/071.pdf |
| বিন্যাস: | বৈদ্যুতিক গ্রন্থের অধ্যায় |
| KOHA link: | https://koha.lib.tpu.ru/cgi-bin/koha/opac-detail.pl?biblionumber=241057 |
MARC
| LEADER | 00000naa2a2200000 4500 | ||
|---|---|---|---|
| 001 | 241057 | ||
| 005 | 20251209162845.0 | ||
| 035 | |a (RuTPU)RU\TPU\book\262322 | ||
| 035 | |a RU\TPU\book\262316 | ||
| 090 | |a 241057 | ||
| 100 | |a 20130701d2009 k y0rusy50 ca | ||
| 101 | 0 | |a rus | |
| 102 | |a RU | ||
| 135 | |a drnn ---uucaa | ||
| 181 | 0 | |a i | |
| 182 | 0 | |a b | |
| 200 | 1 | |a Растекание высокого напряжения по поверхности изоляции контролируемого кабельного изделия |f Л. Б. Бурцева, В. В. Редько |g науч. рук. В. В. Редько | |
| 203 | |a Текст |c электронный | ||
| 215 | |a 1 файл (386 Кб) | ||
| 300 | |a Заглавие с титульного листа | ||
| 300 | |a Электронная версия печатной публикации | ||
| 337 | |a Adobe Reader | ||
| 461 | 0 | |0 (RuTPU)RU\TPU\book\261117 |t Современные техника и технологии |o сборник трудов XV Международной научно-практической конференции студентов, аспирантов и молодых ученых, Томск, 4-8 мая 2009 г |o в 3 т. |f Национальный исследовательский Томский политехнический университет (ТПУ) |d 2009 | |
| 463 | 0 | |0 (RuTPU)RU\TPU\book\261157 |t Т. 1 |v [С. 146-147] |d 2009 | |
| 610 | 1 | |a электронный ресурс | |
| 610 | 1 | |a труды учёных ТПУ | |
| 610 | 1 | |a кабельные изделия | |
| 610 | 1 | |a изоляция | |
| 610 | 1 | |a высокое напряжение | |
| 610 | 1 | |a высоковольтные испытатели | |
| 610 | 1 | |a качество | |
| 610 | 1 | |a контроль | |
| 610 | 1 | |a испытательное напряжение | |
| 700 | 1 | |a Бурцева |b Л. Б. |c специалист в области информационно-измерительных технологий |c аспирант Томского политехнического университета |f 1986- |g Любовь Борисовна |3 (RuTPU)RU\TPU\pers\27980 | |
| 701 | 1 | |a Редько |b В. В. |c специалист в области качества |c доцент Томского политехнического университета, кандидат технических наук |f 1974- |g Виталий Владимирович |3 (RuTPU)RU\TPU\pers\26415 | |
| 702 | 1 | |a Редько |b В. В. |4 727 | |
| 801 | 1 | |a RU |b 63413507 |c 20130617 | |
| 801 | 2 | |a RU |b 63413507 |c 20160221 |g RCR | |
| 856 | 4 | |u http://www.lib.tpu.ru/fulltext/c/2009/C01/V1/071.pdf | |
| 942 | |c CF | ||